Indian administration: (Record no. 181777)

MARC details
000 -LEADER
fixed length control field 00550nam a22001697a 4500
005 - DATE AND TIME OF LATEST TRANSACTION
control field 20211005170705.0
010 ## - LCCN (DPL NO)
LC control number EN230921
020 ## - INTERNATIONAL STANDARD BOOK NUMBER
International Standard Book Number 9789351507338
Terms of availability 450.00
037 ## - SOURCE OF ACQUISITION
Source of stock number/acquisition Sage
100 ## - MAIN ENTRY--PERSONAL NAME
Personal name Chakrabarty, Bidyut
245 ## - TITLE STATEMENT
Title Indian administration:
Remainder of title evolution and practice /
Statement of responsibility, etc by Bidyut Chakrabarty [and] Prakash Chand
260 ## - PUBLICATION, DISTRIBUTION, ETC. (IMPRINT)
Place of publication, distribution, etc New Delhi
Name of publisher, distributor, etc Sage Publications
Date of publication, distribution, etc 2016
270 ## - ADDRESS
Address B1/I-1, Mohan Cooperative Industrial Area, Mathura Road
City New Delhi
Postal code 110044
300 ## - PHYSICAL DESCRIPTION
Extent vp.
Dimensions 24cm(pbk)
700 ## - ADDED ENTRY--PERSONAL NAME
Personal name Chand, Prakash
942 ## - ADDED ENTRY ELEMENTS (KOHA)
Source of classification or shelving scheme Dewey Decimal Classification
Item type English Books
Call number suffix CHA

No items available.


© Delhi Public Library
Hit Counter
free hit counter